| 000 | 00454nam a2200169 i 4500 | ||
|---|---|---|---|
| 001 | 20489 | ||
| 003 | ES-MaACL | ||
| 005 | 20230906152319.0 | ||
| 007 | t| | ||
| 008 | 021113s1969 mx ||||1| spa d | ||
| 100 | 1 |
_aAgustín, José. _918915 |
|
| 245 | 1 | 0 |
_aAbolición de la propiedad / _cJosé Agustín. |
| 250 | _a[1ª ed.]. | ||
| 260 |
_a[México] : _bJoaquín Mortiz, _c1969. |
||
| 300 |
_a111 p. ; _c18 cm. |
||
| 852 |
_aES-MaACL _jE-10055 _bR.94158 |
||
| 999 |
_c20489 _d20489 |
||